00338nam a2200121Ia 45000030006000000080041000060400015000471000045000622450054001072600026001615460012001870050017001990STCL150530s9999 xx 000 0 und d aSTCLcSTCL aHardy; Purdy, R.L.; Millgate, M.; Editor aCollected letters of Thomas HArdy vol-2 1893-1901 bClarendon pressc1980 aEnglish20220125171135.0